000
00302nam a22001337a 4500
008
170329b xxu||||| |||| 00| 0 eng d
020
_a
`9780323010818
041
_a
eng
080
_2
11ED
_a
796.3
100
_a
8
101
_a
SHM
245
_a
STRUCTURE FUNCTION BODY
_c
THIBODEAU.G.A
942
_2
udc
_c
BK
999
_c
8917
_d
8917